000 00887nab a2200265 u 4500
001 19754
003 HDC
007 cr bn ---aaaaa
008 210302c20070804xx dr|noo 0 a eng d
040 _aHDC
100 _aHasan Hatrash
_eauthor
_918069
245 0 _aSaudi Arabia bans sale of live chickens / by
_cHasan Hatrash
260 _a[No place] :
_b[publisher not identified],
_c2007
300 _a1 online resource
336 _atext
_2rdacontent
337 _acomputer
_2rdamedia
338 _aonline resource
_2rdacarrier
650 _afrozen chicken
_918071
650 _aslaughterhouse
_zSaudi Arabia
_918070
710 _aHalal Focus
856 _zRequest full-text at [email protected]
942 _2lcc
942 _cNEWS
942 _kNWSO 006250
999 _c17070
_d17070